[Event "POL-chT 2nd League"]
[Site "Sypniewo"]
[Date "2021.09.09"]
[Round "6.14"]
[White "Ciasnocha, Michal"]
[Black "Meller, Piotr"]
[Result "0-1"]
[WhiteElo "1893"]
[BlackElo "2023"]
[PlyCount "74"]
[EventDate "2021.09.04"]
[EventType "team-swiss"]
[EventRounds "9"]
[EventCountry "POL"]
[SourceTitle "CBM 204 Extra"]
[Source "ChessBase"]
[SourceDate "2021.11.30"]
[SourceVersion "1"]
[SourceVersionDate "2021.11.30"]
[SourceQuality "1"]
[WhiteTeam "Rzeszow RzKSz"]
[BlackTeam "Olesnica Pogon"]
[WhiteTeamCountry "POL"]
[BlackTeamCountry "POL"]

1. d4 g6 2. Nf3 Bg7 3. e4 d6 4. h3 Nf6 5. Bd3 c6 6. Bf4 Nbd7 7. Qd2 h6 8. Nc3 Nh5 9. Be3 e5 10. 0-0-0 Qf6 11. Ne2 g5 12. dxe5 dxe5 13. h4 g4 14. Nh2 Nb6 15. Qa5 Qd8 16. f4 Nxf4 17. Nxf4 exf4 18. Be2 Bd7 19. Bd4 Bxd4 20. Rxd4 Qf6 21. e5 Qxh4 22. Rxf4 Nd5 23. Rff1 Qg5+ 24. Kb1 h5 25. Qa3 Qe3 26. Bd3 Be6 27. Re1 Qd4 28. Re4 Qf2 29. Re2 Qb6 30. Nf1 0-0-0 31. g3 Kb8 32. Nd2 Qb4 33. Qxb4 Nxb4 34. Bc4 Rxd2 35. Rxd2 Bxc4 36. Rd4 Bxa2+ 37. Kc1 Bd5 0-1

[Event "POL-chT 2nd League"]
[Site "Sypniewo"]
[Date "2021.09.05"]
[Round "2.13"]
[White "Ciasnocha, Michal"]
[Black "Przybylski, Bartosz1111"]
[Result "1-0"]
[WhiteElo "1893"]
[BlackElo "1667"]
[PlyCount "125"]
[EventDate "2021.09.04"]
[EventType "team-swiss"]
[EventRounds "9"]
[EventCountry "POL"]
[SourceTitle "CBM 204 Extra"]
[Source "ChessBase"]
[SourceDate "2021.11.30"]
[SourceVersion "1"]
[SourceVersionDate "2021.11.30"]
[SourceQuality "1"]
[WhiteTeam "Rzeszow RzKSz"]
[BlackTeam "Bydgoszcz Wiartrak"]
[WhiteTeamCountry "POL"]
[BlackTeamCountry "POL"]

1. d4 Nf6 2. Nf3 c5 3. e3 cxd4 4. exd4 d6 5. Bd3 g6 6. 0-0 Bg7 7. b3 b6 8. Bb2 Bb7 9. Nbd2 0-0 10. Re1 Nc6 11. c4 d5 12. Rc1 Rc8 13. Bb1 Re8 14. Ne5 Nxe5 15. dxe5 Nd7 16. Nf3 dxc4 17. e6 Bxf3 18. exf7+ Kxf7 19. Qxf3+ Nf6 20. bxc4 Qd7 21. h3 Kg8 22. Ba3 e5 23. Bb2 Rc5 24. Ba3 Rcc8 25. c5 bxc5 26. Rxc5 Rxc5 27. Bxc5 Qd2 28. Qe3 Qxe3 29. Bxe3 Nd5 30. Bxa7 Ra8 31. Bc5 Ra5 32. Bd6 Nf4 33. Bc2 Kh8 34. Bb3 h5 35. Kh2 Nd3 36. Re2 Ra6 37. Be7 Nf4 38. Rc2 Ra8 39. Rc6 Kh7 40. Bg5 Nd3 41. Rc7 Kh8 42. Be3 Rb8 43. Bc4 e4 44. Re7 Be5+ 45. g3 Ne1 46. Be2 Bf6 47. Rxe4 Rb2 48. Bc4 Nf3+ 49. Kg2 Ne1+ 50. Kf1 Rb1 51. Ke2 Nc2 52. Bd3 Rb2 53. Bxc2 Rxc2+ 54. Kf3 Rxa2 55. Rc4 Ra3 56. Ke4 Ra5 57. Rc6 Re5+ 58. Kd3 Rd5+ 59. Kc4 Rf5 60. g4 Rf3 61. Rxf6 Rxf6 62. Bd4 Kg7 63. g5 1-0

[Event "POL-chT 2nd League"]
[Site "Poronin"]
[Date "2020.09.11"]
[Round "7.19"]
[White "Bednarczyk, Damian"]
[Black "Ciasnocha, Michal"]
[Result "0-1"]
[WhiteElo "2258"]
[BlackElo "1826"]
[PlyCount "92"]
[EventDate "2020.09.05"]
[EventType "team-swiss"]
[EventRounds "9"]
[EventCountry "POL"]
[SourceTitle "CBM 198 Extra"]
[Source "ChessBase"]
[SourceDate "2020.11.30"]
[SourceVersion "1"]
[SourceVersionDate "2020.11.30"]
[SourceQuality "1"]
[WhiteTeam "Staniatki Goniec"]
[BlackTeam "Rzeszow RzKSz"]
[WhiteTeamCountry "POL"]
[BlackTeamCountry "POL"]

1. e4 e5 2. Nf3 Nf6 3. Nc3 Nc6 4. g3 d5 5. exd5 Nxd5 6. Bg2 Be6 7. 0-0 Be7 8. Re1 Bf6 9. Ne4 0-0 10. Nxf6+ Qxf6 11. d3 h6 12. h3 Rfe8 13. a4 a5 14. Nd2 Rad8 15. Ne4 Qe7 16. Bd2 b6 17. Qh5 Nd4 18. Rac1 f6 19. f4 exf4 20. gxf4 Qd7 21. b3 Bf7 22. Qd1 Nb4 23. Bxb4 axb4 24. Qd2 c5 25. Ra1 Bd5 26. Qf2 Qc6 27. f5 Re5 28. a5 Rxf5 29. Qd2 Re5 30. axb6 Qxb6 31. Kh1 Rde8 32. Rg1 f5 33. Ng3 Qc6 34. Raf1 Ne2 35. Nh5 Nxg1 36. Rxg1 Re2 37. Nf6+ Qxf6 38. Bxd5+ Kh8 39. Qf4 Qe5 40. Qxe5 R8xe5 41. Bc4 R5e3 42. Ra1 Rxc2 43. h4 Rh3+ 44. Kg1 Rxh4 45. Ra8+ Kh7 46. Be6 Kg6 0-1

[Event "POL-chT 2nd League"]
[Site "Jastrzebia Gora"]
[Date "2018.09.05"]
[Round "5.81"]
[White "Ciasnocha, Michal"]
[Black "Zgadzaj, Rafal"]
[Result "0-1"]
[WhiteElo "1741"]
[BlackElo "2154"]
[PlyCount "105"]
[EventDate "2018.09.01"]
[EventType "team-swiss"]
[EventRounds "9"]
[EventCountry "POL"]
[SourceTitle "CBM 186 Extra"]
[Source "ChessBase"]
[SourceDate "2018.08.24"]
[SourceVersion "1"]
[SourceVersionDate "2018.08.24"]
[SourceQuality "1"]
[WhiteTeam "Rzeszow RzKSz"]
[BlackTeam "Chroscice Victoria"]
[WhiteTeamCountry "POL"]
[BlackTeamCountry "POL"]

1. d4 f5 2. Nf3 Nf6 3. g3 d6 4. Bg2 g6 5. 0-0 Bg7 6. c4 0-0 7. Nc3 c6 8. Rb1 Qe8 9. Bf4 h6 10. h4 Nh5 11. Bd2 e5 12. d5 e4 13. Ne1 Nd7 14. b4 Ne5 15. Qb3 Kh7 16. a4 Ng4 17. Nc2 Qe5 18. Nd1 f4 19. Bc3 Qe7 20. Bxg7 Kxg7 21. Qc3+ Kh7 22. Nd4 fxg3 23. fxg3 Rxf1+ 24. Bxf1 Qe5 25. Ne6 Bxe6 26. Qxe5 Nxe5 27. dxe6 Nxc4 28. g4 Ng7 29. Rc1 d5 30. Bg2 Ne5 31. b5 Nxe6 32. bxc6 bxc6 33. Ne3 Rb8 34. h5 gxh5 35. gxh5 Nf4 36. Rc2 Rb1+ 37. Kf2 Nxh5 38. Bh3 Nf6 39. Nf5 Nc4 40. Ne7 Rb6 41. Rc1 e3+ 42. Kf3 Kg7 43. Nf5+ Kf8 44. Nxh6 Ne4 45. Nf5 Ng5+ 46. Kg4 Nxh3 47. Kxh3 Rb2 48. Ng3 Ke7 49. Kg4 Kd6 50. Kf3 Ra2 51. Rc3 Rxa4 52. Nf5+ Kc5 53. Nxe3 0-1

[Event "POL-chT U20 2nd League"]
[Site "Szczyrk"]
[Date "2017.07.24"]
[Round "3.38"]
[White "Fiszer, Bartosz"]
[Black "Ciasnocha, Michal"]
[Result "1-0"]
[WhiteElo "1767"]
[BlackElo "1818"]
[PlyCount "67"]
[EventDate "2017.07.22"]
[EventType "team-swiss"]
[EventRounds "11"]
[EventCountry "POL"]
[SourceTitle "EXT 2019"]
[Source "ChessBase"]
[SourceDate "2018.10.10"]
[SourceVersion "1"]
[SourceVersionDate "2018.10.10"]
[SourceQuality "1"]

1. e4 e5 2. Nf3 Nc6 3. Bb5 a6 4. Ba4 Nf6 5. 0-0 Be7 6. Re1 b5 7. Bb3 d6 8. c3 0-0 9. h3 Bb7 10. d4 h6 11. Nbd2 Re8 12. Nf1 Bf8 13. Ng3 Qd7 14. a4 Na5 15. Bc2 c5 16. d5 Qc7 17. b3 Rab8 18. Bd2 Bc8 19. axb5 axb5 20. Nh2 Bd7 21. f4 exf4 22. Bxf4 Ra8 23. Nf3 g5 24. e5 gxf4 25. exf6 c4 26. Rxe8 Rxe8 27. Ng5 Qc5+ 28. Kh1 Qe3 29. Qh5 Qe1+ 30. Rxe1 Rxe1+ 31. Nf1 Rxf1+ 32. Kh2 Be8 33. Bh7+ Kh8 34. Nxf7+ 1-0

[Event "POL-chT U19 2nd League"]
[Site "Iwonicz"]
[Date "2016.07.31"]
[Round "2.80"]
[White "Kozlowski, Bartlomiej"]
[Black "Ciasnocha, Michal"]
[Result "0-1"]
[WhiteElo "1474"]
[BlackElo "1460"]
[PlyCount "63"]
[EventDate "2016.07.23"]
[EventType "team-swiss"]
[EventRounds "11"]
[EventCountry "POL"]
[SourceTitle "EXT 2019"]
[Source "ChessBase"]
[SourceDate "2018.10.10"]
[SourceVersion "1"]
[SourceVersionDate "2018.10.10"]
[SourceQuality "1"]
[WhiteTeam "Puszcza Marianska UKS Hetman U19"]
[BlackTeam "Rzeszow RzKSz U19"]
[WhiteTeamCountry "POL"]
[BlackTeamCountry "POL"]

1. e4 e5 2. Nf3 Nc6 3. Nc3 Nf6 4. Bc4 Be7 5. 0-0 d6 6. h3 0-0 7. d3 Na5 8. Bb3 Nxb3 9. axb3 c6 10. Be3 a6 11. Na4 Nd7 12. d4 exd4 13. Nxd4 Nf6 14. Nc3 d5 15. exd5 Nxd5 16. Ne4 Nxe3 17. fxe3 Qb6 18. Qh5 c5 19. Nf3 f6 20. Nfd2 Be6 21. c4 Rad8 22. Rf4 f5 23. Raf1 fxe4 24. Rxf8+ Rxf8 25. Qe5 Qd6 26. Qxd6 Rxf1+ 27. Kxf1 Bxd6 28. Nxe4 Be7 29. Ke2 b6 30. Kd1 Bf6 31. Kc1 Kf7 32. g4 0-1